Against the Mughals: (Record no. 1309850)

MARC details
000 -LEADER
fixed length control field 00832nam a22002537a 4500
005 - DATE AND TIME OF LATEST TRANSACTION
control field 20250430160633.0
008 - FIXED-LENGTH DATA ELEMENTS--GENERAL INFORMATION
fixed length control field 250430b |||||||| |||| 00| 0 eng d
020 ## - INTERNATIONAL STANDARD BOOK NUMBER
International Standard Book Number 978-93-6177-387-7 (hbk)
037 ## - SOURCE OF ACQUISITION
Terms of availability TB
040 ## - CATALOGING SOURCE
Original cataloging agency CRL
Transcribing agency CRL
041 ## - LANGUAGE CODE
Source of code eng
Language code of text/sound track or separate title eng
084 ## - COLON CLASSIFICATION NUMBER
Classification number V2:594.L Q5
Assigning agency CRL
100 ## - MAIN ENTRY--PERSONAL NAME
Personal name Digby, Simon
245 ## - TITLE STATEMENT
Title Against the Mughals:
Remainder of title Dreams and wars of Dattu Sarvani
260 ## - PUBLICATION, DISTRIBUTION, ETC.
Place of publication, distribution, etc. Delhi, India:
Name of publisher, distributor, etc. Primus Books,
Date of publication, distribution, etc. 2015.
300 ## - PHYSICAL DESCRIPTION
Extent xxii, 316p.
365 ## - TRADE PRICE
Price amount 1595.00
Currency code INR
490 ## - SERIES STATEMENT
Series statement Life and works of Simon Digby
Volume/sequential designation Vol. 1
650 ## - SUBJECT ADDED ENTRY--TOPICAL TERM
Topical term or geographic name entry element India - History
650 ## - SUBJECT ADDED ENTRY--TOPICAL TERM
Topical term or geographic name entry element Military
700 ## - ADDED ENTRY--PERSONAL NAME
Personal name Lunn, David
Relator term editor.
9 (RLIN) 753598
942 ## - ADDED ENTRY ELEMENTS (KOHA)
Source of classification or shelving scheme Colon Classification (CC)
Koha item type Textbook
Classification part V2:594.L Q5
Suppress in OPAC No
Holdings
Withdrawn status Lost status Source of classification or shelving scheme Damaged status Not for loan Home library Current library Date acquired Source of acquisition Cost, normal purchase price Inventory number Total Checkouts Full call number Barcode Date last seen Price effective from Koha item type
    Colon Classification (CC)     Central Library Central Library 2025-04-30 Pioneer Books Distributors 1595.00 054 & 2024-11-29   V2:594.L Q5 CL1681617 2025-04-30 2025-04-30 Textbook
Copyright @ Delhi University Library System